00000000nam 2200000zi 4500
0019.954445
003CaOODSP
00520250825141100
006m     o  d f      
007cr |n|||||||||
008250825t20192019onc     o    f000 0 fre d
020 |z9780660245430
040 |aCaOODSP|bfre|erda|cCaOODSP
043 |an-cn---
0861 |aNR16-197/2019F-PDF|zNR16-197/2018F-PDF
24500|aPlateforme d’expression CHO : |bpossibilité d’octroi de licences L-11266, 11992, 12273, 12671.
264 1|a[Ottawa] : |bConseil national de recherches Canada = National Research Council Canada, |c[2019]
264 4|c©2019
300 |a1 ressource en ligne (1 page)
336 |atexte|btxt|2rdacontent/fre
337 |ainformatique|bc|2rdamedia/fre
338 |aressource en ligne|bcr|2rdacarrier/fre
500 |aTitre de départ.
500 |aPublié aussi en anglais sous le titre : CHO expression platform : licensing opportunity L-11266, 11992, 12273, 12671.
500 |aLe numéro de catalogue (NR16-197/2018F-PDF) et le numéro ISBN (978-0-660-24543-0) assignés à l'édition précédente ont été copiés dans cette édition électronique.
650 0|aProtéines recombinantes.
650 6|aImmunotechnologie.
7102 |aConseil national de recherches Canada, |eorganisme de publication.
77508|tCHO expression platform : |w(CaOODSP)9.954444
795 |tPlateforme d’expression CHO (L-11266 / 11992 / 12273 / 12671) |w(CaOODSP)9.850057
85640|qPDF|s128 Ko|uhttps://publications.gc.ca/collections/collection_2025/cnrc-nrc/NR16-197-2019-fra.pdf
8564 |qHTML|sS.O.|uhttps://nrc.canada.ca/fr/recherche-developpement/octroi-licences-propriete-intellectuelle/plateforme-dexpression-cho-l-11266-11992-12273-12671